000 00317nam a2200133Ia 4500
005 20251222143203.0
008 251222s9999||||xx |||||||||||||| ||spa||
082 _a300.985/C93/3
100 _aAlencastre, Andrés
245 0 _aGestión empresarial agrícola:
250 _a2a.ed.
264 _bDESCO
942 _cLIB
999 _c13128
_d13128